Kelseys Stuart's: The Newspaper's Guide to the Law / (Record no. 636)

MARC details
000 -LEADER
fixed length control field 00566nam a22001817a 4500
005 - DATE AND TIME OF INPUT
control field 20231114140757.0
008 - DATA ELEMENTS--GENERAL INFORMATION
fixed length control field 231114b |||||||| |||| 00| 0 eng d
020 ## - INTERNATIONAL STANDARD BOOK NUMBER
International Standard Book Number 0409057673 ; 0409057681
041 ## - LANGUAGE CODE
Language code of text English
082 ## - SHELF NUMBER
DDC number 344.5 STU
100 ## - MAIN AUTHOR
Main author's name Lane, W et al.
Language of a work English
245 ## - TITLE STATEMENT
Title Kelseys Stuart's: The Newspaper's Guide to the Law /
Statement of responsibility, etc. W Lane et el.
250 ## - EDITION STATEMENT
Edition statement Fourth Edition
260 ## - PUBLICATION, DISTRIBUTION, ETC.
Place of publication, distribution, etc. Durban :
Name of publisher, distributor, etc. Butterworth,
Date of publication, distribution, etc. 1986
300 ## - PHYSICAL DESCRIPTION
Other physical details xxv, 332 pages ;
Dimensions 25 cm.
650 ## - SUBJECT`
Broad subject Legal practice
Own subject terms Law
942 ## - ADDED ENTRY ELEMENTS (KOHA)
Item type Books
942 ## - ADDED ENTRY ELEMENTS (KOHA)
-- ALISON_BN_VRIES
Holdings
Source of classification or shelving scheme Not for loan Collection code Home library Current library Shelving location Date acquired Full call number Barcode Price effective from Koha item type
Dewey Decimal Classification   TEXT BOOKS LAW SOCIETY OF NAMIBIA LIBRARY - WINDHOEK LAW SOCIETY OF NAMIBIA LIBRARY - WINDHOEK General Shelf 11/14/2023 344.5 STU LSN/1988/122 11/14/2023 Books